000 00895cad a22002055a 4500
001 E151480
008 101108e20101103xxk s000 0 eng d
035 _a(Sirsi) u151480
041 0 _aeng
110 2 _aScotland
_bScottish Government
_95344
245 0 0 _aHousing bill passed
_h[electronic resource]
260 _c2010
490 _aScottish Government News Release
_v3 November 2010
520 _aAnnounces the passing of the Housing Bill, which will end the right to buy for all new housing association and council tenants, and also end the right to buy for all new homes built in the social housing sector.
590 _aKA
651 4 _aScotland
_y1999-
690 _aPROPERTY-RESIDENTIAL PROPERTY-DOMESTIC RESIDENTIAL PROPERTY-HOUSING
856 4 0 _uhttps://www.scotland.gov.uk/News/Releases/2010/11/03172054
_zView the news release free of charge at www.scotland.gov.uk
942 _n0
999 _c82803
_d82803